000 00493nam a2200181Ia 4500
005 20250326142022.0
008 250326s9999 xx 000 0 und d
037 _aTextbook
040 _aFMSL
_beng
_cFMSL
041 _aeng
_2eng
084 _qFMSL
100 _aMcconnell C R
_9736582
245 0 _aIntroduction to macroeconomics
_cMcconnell C R; Gupta H C
260 _aNew Delhi
_bNew Delhi, Tata Mc Graw Hill
_c1987
300 _a616p
942 _cTB
999 _c1293069
_d1293069